Konsep keadilan dalam Islam / (Record no. 1035)
[ view plain ]
| 000 -LEADER | |
|---|---|
| fixed length control field | nam a22 a 4500 |
| 003 - CONTROL NUMBER IDENTIFIER | |
| control field | AKMAL |
| 005 - DATE AND TIME OF LATEST TRANSACTION | |
| control field | 20170508111154.0 |
| 008 - FIXED-LENGTH DATA ELEMENTS--GENERAL INFORMATION | |
| fixed length control field | 170508s1994 my a00 may d |
| 020 ## - INTERNATIONAL STANDARD BOOK NUMBER | |
| International Standard Book Number | 9836239502 (kkt.): |
| Terms of availability | RM 18.00 |
| 040 ## - CATALOGING SOURCE | |
| Original cataloging agency | AKMAL |
| Transcribing agency | AKMAL |
| 049 ## - LOCAL HOLDINGS (OCLC) | |
| Holding library | klpmal |
| 082 04 - DEWEY DECIMAL CLASSIFICATION NUMBER | |
| Classification number | 297.1978 KHA |
| 090 ## - LOCALLY ASSIGNED LC-TYPE CALL NUMBER (OCLC); LOCAL CALL NUMBER (RLIN) | |
| Classification number (OCLC) (R) ; Classification number, CALL (RLIN) (NR) | 297.1978 |
| Local cutter number (OCLC) ; Book number/undivided call number, CALL (RLIN) | KHA |
| 090 20 - LOCALLY ASSIGNED LC-TYPE CALL NUMBER (OCLC); LOCAL CALL NUMBER (RLIN) | |
| Classification number (OCLC) (R) ; Classification number, CALL (RLIN) (NR) | 297.1978 |
| Local cutter number (OCLC) ; Book number/undivided call number, CALL (RLIN) | KHA |
| 100 1# - MAIN ENTRY--PERSONAL NAME | |
| Personal name | Khadduri, Majid, |
| Dates associated with a name | 1908- |
| 9 (RLIN) | 2166 |
| 245 10 - TITLE STATEMENT | |
| Title | Konsep keadilan dalam Islam / |
| Statement of responsibility, etc. | Majid Khadduri ; penterjemah Norliza Tarmeze, Mostafa Kamal Mokhtar |
| 260 ## - PUBLICATION, DISTRIBUTION, ETC. | |
| Place of publication, distribution, etc. | Kuala Lumpur : |
| Name of publisher, distributor, etc. | Dewan Bahasa dan Pustaka, |
| Date of publication, distribution, etc. | 1994 |
| 300 ## - PHYSICAL DESCRIPTION | |
| Extent | xv, 310ms. ; |
| Dimensions | 22cm |
| 500 ## - GENERAL NOTE | |
| General note | Mengandungi indeks |
| 504 ## - BIBLIOGRAPHY, ETC. NOTE | |
| Bibliography, etc. note | Bibliografi: ms. [295]-302 |
| 650 ## - SUBJECT ADDED ENTRY--TOPICAL TERM | |
| Topical term or geographic name entry element | Islam and justice |
| 9 (RLIN) | 1863 |
| 700 0# - ADDED ENTRY--PERSONAL NAME | |
| Personal name | Norliza Tarmeze |
| 9 (RLIN) | 2167 |
| 700 0# - ADDED ENTRY--PERSONAL NAME | |
| Personal name | Mostafa Kamal Mokhtar |
| 9 (RLIN) | 2168 |
| 942 ## - ADDED ENTRY ELEMENTS (KOHA) | |
| Source of classification or shelving scheme | |
| Koha item type | Book |
| Withdrawn status | Lost status | Source of classification or shelving scheme | Damaged status | Not for loan | Collection code | Home library | Current library | Date acquired | Inventory number | Total Checkouts | Full call number | Barcode | Date last seen | Price effective from | Koha item type |
|---|---|---|---|---|---|---|---|---|---|---|---|---|---|---|---|
| NON-FICTION | AKMAL Melaka | AKMAL Melaka | 08.05.2017 | 200270 | 297.1978 KHA | 201701970 | 08.05.2017 | 08.05.2017 | Book |
